| 000 | 00497nam a2200133Ia 4500 | ||
|---|---|---|---|
| 008 | 171212s9999 xx 000 0 und d | ||
| 020 | _a9781921862519 | ||
| 100 | _aTamura, Keiko | ||
| 245 |
_cTamura, Keiko _aMichi's Memories _bThe Story of a Japanese War Bride |
||
| 260 |
_bANU E Press _c2011 |
||
| 650 | _aHistory | ||
| 650 | _aWar brides -- Australia; Japanese -- Australia; Interracial marriage -- Australia; Women immigrants -- Australia | ||
| 856 | _uwww.jstor.org/stable/10.2307/j.ctt24h3w7 | ||
| 999 |
_c351207 _d351207 |
||